00506nam a2200121Ia 4500008004100000020001800041100001800059245017100077260004600248300001600294500005100310650002300361191108s9999 xx 000 0 und d a0-471-31567-2 aTyndall, Gene cGene Tyndall, Christopher Gopal, Wolfgang Partsch, John Kamauff.--aSuperchanging supply chains :bNew ways to increase value through global operational excellence /  aCanada : bJohn Wileys & Sons, Inc.c1998 a269 pages : aIncludes bibliographical references and index. aBusiness logistics